Finančné plánovanie podniku
Saved in:
| Main Author: | |
|---|---|
| Corporate Author: | |
| Format: | Book |
| Language: | Slovak |
| Published: |
Bratislava
Vydavateľstvo Ekonóm
1998
|
| Subjects: | |
| Tags: |
No Tags, Be the first to tag this record!
|
MARC
| LEADER | 00000nam a2200000 4500 | ||
|---|---|---|---|
| 001 | c100735 | ||
| 005 | 20221123132814.8 | ||
| 020 | |a 80-225-0867-5 | ||
| 041 | 0 | |a slo | |
| 044 | |a SK | ||
| 245 | 1 | 0 | |a Finančné plánovanie podniku |c Jozef Kráľovič |
| 264 | 1 | |a Bratislava |b Vydavateľstvo Ekonóm |c 1998 | |
| 300 | |a 118 s. | ||
| 610 | 2 | 0 | |a plánovanie finančné |
| 610 | 2 | 0 | |a podnik |
| 610 | 2 | 0 | |a plánovanie podnikové |
| 610 | 2 | 0 | |a plán finančný |
| 610 | 2 | 0 | |a metódy plánovania |
| 610 | 2 | 0 | |a modely plánovania |
| 610 | 2 | 0 | |a plán |
| 610 | 2 | 0 | |a plánovanie |
| 610 | 2 | 0 | |a efektívnosť ekonomická |
| 610 | 2 | 0 | |a projekty |
| 610 | 2 | 0 | |a rozvoj podniku |
| 100 | 1 | |a Kráľovič, Jozef | |
| 710 | 2 | |a Ekonomická univerzita v Bratislave. Fakulta podnikového manažmentu | |